| 000 | 00990cam a22002773a 4500 | ||
|---|---|---|---|
| 001 | 2892 | ||
| 003 | PGUSA | ||
| 005 | 20140828083023.0 | ||
| 008 | 011101s2001||||xxu|||||s|||||000 | eng d | ||
| 040 |
_aPGUSA _beng |
||
| 042 | _adc | ||
| 050 | 4 | _aPR | |
| 050 | 4 | _aPZ | |
| 100 | 1 |
_aStephens, James, _d1882-1950 |
|
| 245 | 1 | 0 |
_aIrish Fairy Tales _h[electronic resource] / _cJames Stephens |
| 260 |
_bProject Gutenberg, _c2001 |
||
| 505 | 0 | _aThe story of Tuan Mac Cairill -- The boyhood of Fionn -- The birth of Bran -- Oisi'n's mother -- The wooing of Becfola -- The little brawl at Allen -- The Carl of the drab coat -- The enchanted cave of Cesh Corran -- Becuma of the white skin -- Mongan's frenzy. | |
| 506 | _aPublic domain in the USA. | ||
| 516 | _aElectronic text | ||
| 653 | _aTales -- Ireland | ||
| 653 | _aFolklore -- Ireland | ||
| 653 | _aFairy tales -- Ireland | ||
| 830 | 0 |
_aProject Gutenberg _v2892 |
|
| 856 | 4 | 0 | _uhttp://www.gutenberg.org/ebooks/2892 |
| 942 | _cEB | ||
| 999 |
_c232222 _d232222 |
||